Представление документа в формате RUSMARC

ПолеНазваниеЗначение
  Тип записи a
  Библиографический уровень m
001 Контрольный номер UONB/MAIN/106a60ef4e044a518bae564be0145eb8
005 Дата корректировки 20250717182159.7
010 Индекс ISBN __
d Цена 40 к.
9 Тираж 5000 экз.
a ISBN 5-7545-0280-X
100 Данные общей обработки __
a Данные общей обработки 20250717d1989 u y0rusy0189## ca
101 Язык документа 0_
a Язык текста rus
102 Страна публикации __
a Страна публикации RU
105 Кодированные данные (монография) __
a Кодированные данные (монография) a z 000yy
200 Заглавие и сведения об ответственности 1_
a Заглавие Навигация длиной в полвека
f Первые сведения об ответственности Н. М. Кузнецов
203 Вид содержания и тип средства __
a Вид содержания Текст
b Характеристика содержания визуальный
c Тип средства непосредственный
210 Выходные данные 1_
a Место издания Петрозаводск
c Издательство Карелия
d Дата издания 1989
215 Физическое описание __
a Объем 190, [2] с.
d Формат 17 см
c Иллюстрации/тип воспроизводства ил., 8 л. ил.
606 Тематические рубрики 0_
a Основная рубрика Пароходства морские
x Основная подрубрика История
y Географическая подрубрика Карелия
610 Ключевые слова 0_
a Ключевые слова пароходства; пароходства морские; пароходство Карелии; история пароходства Карелии
675 Индекс УДК __
a Индекс УДК 6Т4-9
686 Индексы других классификаций __
a Классификационный индекс 39.4г
2 Код системы rubbk
700 Автор _1
a Фамилия Кузнецов
b Имя (инициалы) Н. М.
g Полное личное имя Николай Михайлович
801 Источник записи _0
a Страна RU
b Организация Ульяновская ОНБ
c Дата составления 20250717
g Правила каталогизации RCR
801 Источник записи _1
a Страна RU
b Организация Ульяновская ОНБ
c Дата составления 20250717
g Правила каталогизации RCR
901 Тип документа __
t Тип документа m
909 Создатель записи __
a Создатель записи Батталова
b Дата создания записи 20250717